000 00673nam a2200205 4500
001 131189
003 ES-MaACL
007 t|
008 070214s1984 sp r ||||1| spa d
100 1 _aRobins, R. H.
_997876
245 1 0 _aBreve historia de la Lingüística /
_cR. H. Robins ; traducido por Enrique Alcaraz Varo.
250 _a4ª ed.
260 _aMadrid :
_bParaninfo,
_c1984.
300 _a242 p. ;
_c21 cm.
490 1 _aCol. Centro de Estudios Universitarios de Alicante
700 1 _aAlcaraz Varo, Enrique.
_919518
830 0 _aCol. Centro de Estudios Universitarios de Alicante
_9219559
852 _aES-MaACL
_jL-9112
_bR.110720
999 _c131189
_d131189